| 000 | 01246nam a2200325 c 4500 | ||
|---|---|---|---|
| 003 | BLK | ||
| 005 | 20230510131848.0 | ||
| 008 | 180409b bul|||||r ||||||| ||bul|| | ||
| 010 | _aKNG00145551000 | ||
| 040 | _aBLK | ||
| 041 |
_aBUL _cBUL |
||
| 080 |
_aБългарска литература _b821.163.2 _x-93-193.1 _z821.163.2-93-193.1 |
||
| 100 | 1 |
_aДушков, Атанас Гаврилов _eпърви автор _9365078 |
|
| 700 | 1 |
_aДимовски, Борис Илиев _eил. _9363792 |
|
| 139 |
_aДушков, Атанас Гаврилов _bД 94 |
||
| 245 | 1 | 0 |
_a[Четиридесет] 40 гатанки _cАтанас Гаврилов Душков; ил. Борис Илиев Димовски. |
| 257 | _aBGR | ||
| 260 |
_аСофия _bБълг. художник _c1971 |
||
| 300 |
_a48 с. _bс ил. _c16Х24 см |
||
| 380 | _aDX | ||
| 500 | _a60 113 тир. | ||
| 653 | _aдетска литература | ||
| 653 | _aлитература за деца | ||
| 653 | _aгатанки | ||
| 852 | _aЦб І 34716 | ||
| 856 | 4 |
_qpdf _u |
|
| 856 | 4 |
_qpdf _u |
|
| 942 |
_cKNG _n0 _01 |
||
| 944 |
_aCR _c11.07.2013 _l11.07.2013 - от С1,Р / 11.07.2013 _kРадинела_Гицова |
||
| 944 |
_aED _c11.07.2013 _l11.07.2013 - от С1,Р / 11.07.2013 _k |
||
| 999 |
_c139504 _d139504 |
||